| Поле | Инд. | ПП | Название | Значение |
|---|---|---|---|---|
| Тип записи | a | |||
| Библиографический уровень | m | |||
| 001 | Контрольный номер | 40f35bb2-8433-434d-93a6-b2c65a495dfe | ||
| 005 | Дата корректировки | 20211004160613.9 | ||
| 008 | Кодируемые данные | 040625 | ||
| 020 | a | ISBN | 5-88313-328-2 | |
| 040 | a | Служба первич. каталог. | НБ ТвГУ | |
| 041 | 0_ | a | Код языка текста | rus |
| 080 | a | Индекс УДК | 882.09(063) | |
| 084 | a | Индекс другой классификации/Индекс ББК | Ш5(2=411.2)52-4Фет А.А.я431 | |
| 090 | a | Полочн. индекс | Ш5(2=411.2) | |
| x | Авторский знак | Ф 45 | ||
| 245 | 10 | a | Заглавие | А. А. Фет и русская литература |
| b | Продолж. заглавия | материалы Всероссийской научной конференции, посвященной изучению жизни и творчества А. А. Фета (Курск, 27-29 июня 2002 г.) : XVII Фетовские чтения | ||
| c | Ответственность | М-во образования РФ, Кур. гос. ун-т ; [редкол.: Г. Л. Ачкасова и др.] | ||
| 246 | 00 | a | Другая форма заглавия | Фетовские чтения |
| 246 | 02 | a | Другая форма заглавия | Фет и русская литература |
| 260 | 0_ | a | Место издания | Курск |
| b | Издательство | Курский государственный университет | ||
| c | Дата издания | 2003 | ||
| 300 | a | Объем | 261, [1] с. | |
| 504 | a | Библиография | Библиогр. в подстроч. примеч. | |
| 653 | 0_ | a | Ключевые слова | Литература |
| a | Ключевые слова | Литературоведение | ||
| a | Ключевые слова | История русской литературы | ||
| a | Ключевые слова | Конференции | ||
| a | Ключевые слова | Писатели | ||
| a | Ключевые слова | Поэзия Фета | ||
| a | Ключевые слова | Проза Фета | ||
| a | Ключевые слова | Русская литература | ||
| a | Ключевые слова | Русская поэзия | ||
| a | Ключевые слова | Русская проза | ||
| a | Ключевые слова | Русские писатели | ||
| a | Ключевые слова | Сборники | ||
| a | Ключевые слова | Фет Афанасий Афанасьевич | ||
| a | Ключевые слова | Фет-переводчик | ||
| 700 | 1_ | a | Другие авторы | Ачкасова Галина Анатольевна |
| e | Роль лиц | ред. | ||
| 700 | 1_ | a | Другие авторы | Кошелев Вячеслав Анатольевич |
| e | Роль лиц | ред.. | ||
| 700 | 1_ | a | Другие авторы | Строганов Михаил Викторович |
| e | Роль лиц | ред., авт. предисл. | ||
| 852 | 41 | i | Расстановочный признак | Проверка 2021 |
| 901 | t | Тип документа | m | |
| 920 | a | Оператор | Рунт | |
| a | Оператор | Хохл | ||
| 952 | c | Вид литературы | К рн | |
| 954 | a | Дата поступления на обработку | 20040628 | |
| e | Дата перешифровки | 20211004 |